000 00956cam a22002531 4500
001 gs 51000192
003 DLC
005 20260227111357.0
008 800701s1949 ag abf b 000 0 spa c
010 _ags 51000192
035 _a(OCoLC)6474113
040 _aU.S. Geol. Survey Libr.
_cMiEM
_dMiEM
_dDLC
042 _apremarc
050 0 0 _aQE231
_b.C6
100 1 _aCordini, Isaías Rafael,
_d1902-
245 1 0 _aContribución al conoclimiento de la geología económica de Entre Ríos.
260 _aBuenos Aires,
_c1949.
300 _a78 p.
_billus., plates, maps, diagrs. (2 fold.) profiles.
_c31 cm.
490 1 _a(Argentine Republic. Dirección General de Industria Minera. Anales, 2)
504 _a"Bibliografia comentada" : p. [7]-12.
650 0 _aGeology
_zArgentina
_zEntre Rios (Province).
650 0 _aGeology, Economic
_zArgentina
_zEntre Rios (Province).
810 1 _aArgentina.
_bDirección General de Minas y Geología.
_tAnales ;
_v2.
999 _c28566
_d28566